Statistics for Enter the gungeon

Click here to take the quiz!

General Stats

  • This quiz has been taken 122 times
    (119 since last reset)
  • The average score is 7 of 19

Answer Stats

HintAnswer% Correct
This character spawns with no heartsrobot
88%
steals your stuffresourceful rat
81%
destroys all bullets in the room and prevents enemies from firing temporarilyblank
77%
allows you to open chests and open up locked passagewayskey
64%
gun that shoots rockets and avoids damage cap with bossesyari launcher
59%
you get this after you get a flawless against bosses in the regular chambers, not including the lichmaster round
57%
what bullet modifier causes your bullets to split into smaller bullets on impactflak bullets
47%
the chamber in between the keep of the lead lord and gungeon properoubliette
36%
Eats 2 of your guns and gives you 1 new onegun muncher
35%
Kill him to avenge an NPCblockner
27%
allows you to unlock the robotbusted television
27%
teaches you the way in the hall of knowledgeSer Manuel
27%
The most important thing in the game, without this the game would be very very difficultdodge roll
19%
the NPC that unlocks items for killing enemiesFrifle and the Grey Mauser
16%
Obtained when you feeda gun muncher an RPG and a beehiveStinger
11%
This gun releases an egg shaped projectile which splits into tiny homing pellets on impactScrambler
5%
enemies hit by this gun will supposedly become weaker however there have been occasions where they make the room even harder to not take damagedevolver
4%
A boss which appears to be a bomb with a name having to do with a pun regarding fuzesFuselier
3%
where are your hearts held when you "save" themshop and elevator
0%

Score Distribution

Percentile by Number Answered

Percent of People with Each Score

Your Score History

You have not taken this quiz since the last reset